Dinero electrn̤ico

Detalles Bibliográficos
Autor principal: Pastor Sempere, M® del Carmen
Otros Autores: Fernǹdez de la Gǹdara, Luis (pr)
Formato: Desconocido
Lenguaje:español
Publicado: Madrid : Editoriales de Derecho Reunidas, D.L. 2003
Colección:Cuadernos mercantiles (Editoriales de Derecho Reunidas)
Materias:
Acceso en línea:Acceso restringido

MARC

LEADER 00000ny a22000003n 4500
005 20110525104345.0
008 040528s2003 sp 001 0 spa c
017 |a D.L. M.31234-2003 
020 |a 8484940772 
035 |a 576 
040 |a SpMaUCDE  |d vLex 
040 |a UMA.RE  |d vLex 
080 |a 004.087:336.74(0.034) 
080 |a 336.74:004.087(0.034) 
090 |c 254  |d 254 
100 1 |a Pastor Sempere, M® del Carmen 
245 1 0 |a Dinero electrn̤ico  |h [Recurso electrn̤ico]  |c M® del Carmen Pastor Sempere ; prl̤ogo de Luis Fernǹdez de la Gǹdara 
256 |a Servicio en ln̕ea 
260 |a Madrid :  |b Editoriales de Derecho Reunidas,  |c D.L. 2003 
300 |a 430 p. ;  |c 20 cm 
490 1 |a Cuadernos mercantiles 
500 |a Bibliogr.: p. 409-430 
506 1 |a Contenido solo disponible en los productos indicados  |d vLex Global  |d vLex Global (Academic Edition, excluding Law Schools)  |d vLex Global (U.S. Academic Edition, Law Schools)  |d vLex Global (U.S. Academic Edition, excluding Law Schools)  |d vLex Global (Academic Edition, Law Schools) 
650 0 7 |a Dinero electrn̤ico  |2 Tesauro vLex 
650 0 7 |a Nuevas tecnologa̕s  |2 Tesauro vLex 
650 0 7 |a Transferencia electrn̤ica de fondos  |2 Tesauro vLex 
700 1 |a Fernǹdez de la Gǹdara, Luis,  |e pr 
740 0 |a vLex Libros (Servicios en ln̕ea) 
830 0 |a Cuadernos mercantiles (Editoriales de Derecho Reunidas) 
856 4 0 |u http://vlex.com/source/576  |z Acceso restringido 
942 |c BOOK 
999 0 |a Money  |b Madrid